[Event "8th RTU Open 2018"]
[Site "Riga"]
[Date "2018.08.07"]
[Round "3"]
[White "Meessen, Rudolf"]
[Black "Dragnev, Valentin"]
[Result "0-1"]
[WhiteElo "2281"]
[BlackElo "2509"]
[Annotator "TA"]
[PlyCount "96"]
[EventDate "2018.08.06"]
[EventType "swiss"]
[EventCountry "LAT"]
[SourceTitle "playchess.com"]
[Source "ChessBase"]
[SourceQuality "1"]

{[%evp 15,96,-6,-6,-13,-6,-35,-18,-88,-72,-105,-106,-105,-115,-107,-93,-108,-72,-71,-66,-89,-15,-96,-90,-94,-96,-118,-102,-116,-124,-122,-127,-239,-220,-262,-212,-209,-197,-197,-201,-225,-199,-187,-170,-267,-190,-195,-173,-222,-188,-498,-187,-185,-176,-187,-154,-164,-166,-175,-179,-364,-195,-198,-191,-200,-198,-198,-198,-198,-198,-198,-158,-299,-316,-481,-477,-462,-458,-502,-500,-555,-547,-29993,-29994]} 1. d4 Nf6 2. Nc3 d5 3. Bf4 c5 4. e3 cxd4 5. exd4 a6 6. Nf3 {B13: Caro-Kann: Exchange Variation and Panov-Botvinnik Attack} Nc6 7. Ne5 Bd7 8. Be2 e6 {LiveBook: 3 Games} 9. Qd3 $146 ({Predecessor:} 9. O-O Qb6 10. Nxc6 Bxc6 11. Rb1 Be7 12. Re1 O-O 13. Bd3 {½-½ (58) Alekseenko,K (2563)-Potkin,V (2574) Sochi 2017}) 9... Qb6 10. O-O-O Rc8 11. Nxc6 (11. a3 $11) 11... Qxc6 $17 12. Bf3 b5 {[%cal Bb7b5,Bb5b4][%mdl 32]} 13. Kb1 b4 14. Ne2 Be7 15. g4 Ne4 (15... a5 {with more complications.} 16. Rc1 O-O 17. Qe3 Qb5 18. g5 Ne8) 16. Bxe4 dxe4 17. Qd2 Qb7 (17... a5 $17 18. Rhe1 a4) 18. h4 (18. Rhe1 $11 {keeps the balance.}) 18... a5 {[%cal Ba6a5,Ba5a4][%mdl 32]} 19. g5 a4 20. Qe3 Bb5 21. Rhe1 O-O 22. Ng3 {[#]} b3 $1 {[%cal Rb3c2][%mdl 512]} 23. axb3 (23. cxb3 $17 {was forced.} Bd3+ 24. Rxd3 exd3 25. Qxd3) 23... axb3 $19 24. cxb3 Bd3+ 25. Rxd3 exd3 26. Qxd3 Rfd8 27. Ne4 Qd5 {[%mdl 1024] Black has strong compensation.} 28. Rd1 Rc6 29. Rd2 (29. f3 $142) 29... Bb4 $40 {[%mdl 128] Black wants a kill.} 30. Rd1 Ra8 31. Bd2 Qa5 {[%csl Ga8][%cal Ra5a2] [#]} 32. Nc3 $2 {[#]} (32. Nc5 $1 {[%mdl 512] nothing else works.}) 32... Bxc3 $2 (32... Rxc3 $1 {[%mdl 512]} 33. Bxc3 (33. bxc3 Qa2+) 33... Qa2+ 34. Kc2 Rc8) 33. Bxc3 Qa2+ 34. Kc2 {intending d5.} Rb8 35. Kd2 Qxb3 36. f3 Rd6 {...e5! is the strong threat.} 37. Qe4 $2 {[#]} (37. f4 {keeps fighting.}) 37... Rbd8 (37... e5 $142 $1 {[%mdl 512] aiming for ...exd4.} 38. Kc1 (38. Qxe5 Re6) 38... Rc8) 38. f4 Rd5 39. Ke1 Rf5 40. Ke2 Qa4 41. Rd2 Qa6+ 42. Kf2 Qa1 43. h5 (43. Qf3 $17) 43... h6 44. g6 (44. d5 $142 Rdxd5 45. Rxd5 Rxd5 46. gxh6 Rxh5 47. hxg7) 44... Rxh5 45. gxf7+ Kxf7 46. Kg3 Rdd5 47. Rg2 Qf1 48. Qf3 {[#]} Rh3+ $1 {[%mdl 512] Precision: White = 26%, Black = 65%.} 0-1

[Event "8th RTU Open 2018"]
[Site "Riga"]
[Date "2018.08.07"]
[Round "3"]
[White "Tanriverdi, Enes"]
[Black "Pultinevicius, Paulius"]
[Result "0-1"]
[WhiteElo "2276"]
[BlackElo "2452"]
[Annotator "ChessBase"]
[PlyCount "57"]
[EventDate "2018.08.06"]
[EventType "swiss"]
[EventCountry "LAT"]
[SourceTitle "playchess.com"]
[Source "ChessBase"]
[SourceQuality "1"]
[TimeControl "5400+30"]

1. d4 Nf6 2. c4 g6 3. Nc3 d5 4. cxd5 Nxd5 5. e4 Nxc3 6. bxc3 Bg7 7. Nf3 c5 8. Be3 Qa5 9. Qd2 O-O 10. Rc1 Rd8 11. d5 e6 12. Bg5 f6 13. Bf4 Nc6 14. Be2 Qa4 15. Qc2 Qxc2 16. Rxc2 exd5 17. exd5 Ne7 18. c4 {[%emt 0:25:37]} Nf5 {[%emt 0:33:16]} 19. Bc7 Rd7 20. Ba5 {[%emt 0:05:23]} b6 {[%emt 0:02:16]} 21. Bc3 {[%emt 0:00:17]} Ba6 {[%emt 0:00:24]} 22. O-O {[%emt 0:02:00]} Re8 {[%emt 0:01:36]} 23. Bd3 Rxd5 24. cxd5 {[%emt 0:05:15]} Bxd3 {[%emt 0:01:28]} 25. Rd2 {[%emt 0:00:32]} Bxf1 {[%emt 0:00:06]} 26. Kxf1 {[%emt 0:00:06]} Kf7 {[%emt 0:00:18]} 27. a4 Re4 28. d6 {[%emt 0:07:32]} Ke8 {[%emt 0:02:00]} 29. Ng5 {[%emt 0:00:12]} 0-1

[Event "8th RTU Open 2018"]
[Site "Riga"]
[Date "2018.08.07"]
[Round "3"]
[White "Rogule, Laura"]
[Black "Haria, Ravi"]
[Result "0-1"]
[WhiteElo "2272"]
[BlackElo "2449"]
[Annotator "NA"]
[PlyCount "104"]
[EventDate "2018.08.06"]
[EventType "swiss"]
[EventCountry "LAT"]
[SourceTitle "playchess.com"]
[Source "ChessBase"]
[SourceQuality "1"]
[TimeControl "5400+30"]

1. c4 {[%emt 0:09:28]} e6 {[%emt 0:00:06]} 2. Nf3 {[%emt 0:01:02]} d5 {[%emt 0:00:32]} 3. d4 {[%emt 0:00:54]} a6 {[%emt 0:00:22]} 4. cxd5 {[%emt 0:04:30]} exd5 {[%emt 0:00:07]} 5. Nc3 {[%emt 0:00:43]} c6 {[%emt 0:00:07]} 6. Bf4 {[%emt 0:04:09]} Bd6 {[%emt 0:00:16]} 7. Bxd6 {[%emt 0:03:54]} Qxd6 {[%emt 0:00:02]} 8. e3 {[%emt 0:01:39]} Ne7 {[%emt 0:00:07]} 9. Bd3 {[%emt 0:00:50]} Bf5 {[%emt 0:01:42]} 10. O-O {[%emt 0:02:06]} O-O {[%emt 0:07:40]} 11. Na4 {[%emt 0:10:12]} Nd7 {[%emt 0:03:31]} 12. Rc1 {[%emt 0:01:26]} Qf6 {[%emt 0:04:40]} 13. Nc5 {[%emt 0:06:18]} Nxc5 {[%emt 0:00:37]} 14. Rxc5 {[%emt 0:00:08]} Bxd3 {[%emt 0:06:40]} 15. Qxd3 {[%emt 0:00:02]} Nf5 {[%emt 0:00:12]} 16. e4 {[%emt 0:09:07]} dxe4 {[%emt 0:01:47]} 17. Qxe4 {[%emt 0:00:03]} Ne7 {[%emt 0:04:37]} 18. Ng5 {[%emt 0:03:59]} g6 {[%emt 0:01:26]} 19. Re5 {[%emt 0:01:14]} Nd5 {[%emt 0:04:23]} 20. f4 {[%emt 0:03:52]} Rad8 {[%emt 0:04:53]} 21. Qe1 {[%emt 0:06:09]} Qd6 {[%emt 0:19:35]} 22. f5 {[%emt 0:16:20]} Nf6 {[%emt 0:07:35]} 23. Qh4 {[%emt 0:02:53]} Nh5 {[%emt 0:02:57]} 24. Nf3 {[%emt 0:03:54]} Qf6 {[%emt 0:02:09]} 25. Qe4 {[%emt 0:00:38]} Ng7 {[%emt 0:02:54]} 26. g4 {[%emt 0:01:39]} Rfe8 {[%emt 0:07:59]} 27. Qf4 {[%emt 0:00:37]} gxf5 {[%emt 0:01:30]} 28. g5 {[%emt 0:02:32]} Qd6 {[%emt 0:00:23]} 29. Rxe8+ {[%emt 0:00:21]} Nxe8 {[%emt 0:00:02]} 30. Qxf5 {[%emt 0:00:06]} Ng7 {[%emt 0:00:17]} 31. Qg4 {[%emt 0:03:01]} Ne6 {[%emt 0:00:23]} 32. Ne5 {[%emt 0:01:03]} Qxd4+ {[%emt 0:03:00]} 33. Qxd4 {[%emt 0:00:03]} Rxd4 {[%emt 0:00:21]} 34. Nxf7 {[%emt 0:00:13]} Rg4+ {[%emt 0:04:00]} 35. Kh1 {[%emt 0:00:01]} Kg7 {[%emt 0:00:22]} 36. Nd6 {[%emt 0:00:43]} Rxg5 {[%emt 0:03:44]} 37. Nxb7 {[%emt 0:00:36]} Rb5 {[%emt 0:01:35]} 38. Nd6 {[%emt 0:00:36]} Rxb2 {[%emt 0:01:12]} 39. Ne8+ {[%emt 0:01:29]} Kg8 {[%emt 0:00:50]} 40. Nf6+ {[%emt 0:00:12]} Kf7 {[%emt 0:01:48]} 41. Nxh7+ {[%emt 0:00:15]} Ke7 {[%emt 0:00:02]} 42. Nf6 {[%emt 0:01:06]} Rxa2 {[%emt 0:02:11]} 43. Ng4 {[%emt 0:00:47]} a5 {[%emt 0:00:55]} 44. Ne3 {[%emt 0:00:28]} a4 {[%emt 0:01:18]} 45. h4 {[%emt 0:00:06]} Re2 {[%emt 0:01:03]} 46. Nf5+ {[%emt 0:00:12]} Kd7 {[%emt 0:00:13]} 47. h5 {[%emt 0:00:12]} a3 {[%emt 0:00:46]} 48. h6 {[%emt 0:00:39]} Ng5 {[%emt 0:00:01]} 49. Rd1+ {[%emt 0:01:21]} Kc7 {[%emt 0:00:10]} 50. Nd4 {[%emt 0:00:12]} Rb2 {[%emt 0:00:26]} 51. Ne6+ {[%emt 0:00:28]} Nxe6 {[%emt 0:00:11]} 52. h7 {[%emt 0:00:05]} Rb8 {[%emt 0:00:04]} 0-1

[Event "8th RTU Open 2018"]
[Site "Riga"]
[Date "2018.08.07"]
[Round "3"]
[White "Hjelmaas, Lars"]
[Black "Yankelevich, Lev"]
[Result "1/2-1/2"]
[WhiteElo "2271"]
[BlackElo "2420"]
[Annotator "TA"]
[PlyCount "42"]
[EventDate "2018.08.06"]
[EventType "swiss"]
[EventCountry "LAT"]
[SourceTitle "playchess.com"]
[Source "ChessBase"]
[SourceQuality "1"]

{[%evp 19,42,-8,1,0,0,0,0,-4,1,-10,0,1,28,35,16,-31,-31,-43,-41,-65,-14,-4,82,72,294]} 1. d4 d5 {[%cal Bd7d5,Bd5c4][%mdl 32]} 2. c4 dxc4 3. Nf3 Nf6 {[%cal Bg8f6,Bf6d7,Bd7b6,Bb6d5,Bd5e3][%mdl 32]} 4. g3 g6 5. Bg2 Bg7 6. Qa4+ Nfd7 7. Qxc4 Nb6 8. Qc2 Nc6 9. O-O O-O 10. Rd1 {D76: Fianchetto Grünfeld: Main Line with 7...Nb6} (10. e3 Bf5 11. e4 Bg4 12. d5 Bxf3 13. dxc6 Bxg2 14. Kxg2 bxc6 15. Qxc6 Qd6 16. Qc2 Rfd8 17. a4 a5 {0-1 (49) Khotenashvili,B (2526)-Wei,Y (2675) Caleta 2015}) 10... Bg4 {LiveBook: 4 Games} ({But not} 10... Nxd4 $2 11. Nxd4 Bxd4 12. e3 $18) ({Not} 10... Bxd4 $2 11. e3 $16) 11. Be3 Nd5 12. Nc3 {The position is equal.} Nxe3 13. fxe3 Bh6 $146 ({Predecessor:} 13... Qc8 14. Qb3 Rb8 15. Rac1 Qf5 16. Rf1 Qe6 17. Qxe6 Bxe6 {1-0 (29) Prasanna Raghuram,R (2418)-Phadke,S (2294) Mumbai 2011}) 14. d5 Bxe3+ 15. Kh1 Bf5 16. Qa4 $36 {[%mdl 2048] White fights for an advantage.} Nb8 17. Nd4 Bc8 18. Rd3 Bh6 19. Rad1 Qd7 (19... Bg7 $15) 20. Qc4 $11 a6 {[#]} (20... Bg7 $11 {remains equal.}) 21. Ne6 $1 $16 {[%cal Re6f8][%mdl 1024] White has strong compensation.} Qd6 $2 {[%mdl 32768] Precision: White = 38%, Black = 31%. . An unexpected result.} (21... fxe6 $16 22. dxe6 Qe8) 1/2-1/2

[Event "8th RTU Open 2018"]
[Site "Riga"]
[Date "2018.08.07"]
[Round "3"]
[White "Makoveev, Ilya"]
[Black "Duzhakov, Ilya"]
[Result "1/2-1/2"]
[WhiteElo "2249"]
[BlackElo "2441"]
[Annotator "NA"]
[PlyCount "85"]
[EventDate "2018.08.06"]
[EventType "swiss"]
[EventCountry "LAT"]
[SourceTitle "playchess.com"]
[Source "ChessBase"]
[SourceQuality "1"]
[TimeControl "5400+30"]

1. e4 {[%emt 0:00:00]} c5 {[%emt 0:03:24]} 2. Nf3 {[%emt 0:00:11]} d6 {[%emt 0:00:13]} 3. d4 {[%emt 0:00:12]} cxd4 {[%emt 0:00:08]} 4. Nxd4 {[%emt 0:00:20]} Nf6 {[%emt 0:00:08]} 5. Nc3 {[%emt 0:00:27]} a6 {[%emt 0:00:08]} 6. Be2 {[%emt 0:00:32]} e5 {[%emt 0:03:56]} 7. Nf3 {[%emt 0:01:17]} Be7 {[%emt 0:00:38]} 8. Bg5 {[%emt 0:00:20]} Be6 {[%emt 0:04:02]} 9. Bxf6 {[%emt 0:01:01]} Bxf6 {[%emt 0:00:11]} 10. Nd5 {[%emt 0:00:09]} Nd7 {[%emt 0:01:53]} 11. O-O {[%emt 0:02:26]} Rc8 {[%emt 0:01:46]} 12. c3 {[%emt 0:01:22]} O-O {[%emt 0:02:43]} 13. Qd2 {[%emt 0:16:33]} Bxd5 {[%emt 0:11:29]} 14. Qxd5 {[%emt 0:00:35]} Qc7 {[%emt 0:00:20]} 15. Rfd1 {[%emt 0:13:40]} Be7 {[%emt 0:00:48]} 16. Nd2 {[%emt 0:00:15]} b5 {[%emt 0:08:58]} 17. Nf1 {[%emt 0:05:31]} Nb6 {[%emt 0:00:55]} 18. Qd3 {[%emt 0:08:59]} Na4 {[%emt 0:03:04]} 19. Qc2 {[%emt 0:09:37]} Bg5 {[%emt 0:01:23]} 20. g3 {[%emt 0:00:36]} g6 {[%emt 0:01:37]} 21. h4 {[%emt 0:01:11]} Bh6 {[%emt 0:03:09]} 22. Rd5 {[%emt 0:05:37]} Nb6 {[%emt 0:04:14]} 23. Rd3 {[%emt 0:00:37]} f5 {[%emt 0:01:07]} 24. Rad1 {[%emt 0:02:44]} Rf6 {[%emt 0:12:42]} 25. Qb3+ {[%emt 0:12:54]} Kh8 {[%emt 0:02:03]} 26. exf5 {[%emt 0:03:21]} gxf5 {[%emt 0:00:45]} 27. Qa3 {[%emt 0:02:30]} f4 {[%emt 0:06:26]} 28. Bf3 {[%emt 0:08:54]} fxg3 {[%emt 0:04:13]} 29. Nxg3 {[%emt 0:00:48]} Rcf8 {[%emt 0:03:00]} 30. Bg2 {[%emt 0:01:11]} Qa7 {[%emt 0:06:53]} 31. Rxd6 {[%emt 0:01:09]} Nc4 {[%emt 0:00:10]} 32. Rxf6 {[%emt 0:00:06]} Rxf6 {[%emt 0:00:06]} 33. Rd8+ {[%emt 0:00:34]} Kg7 {[%emt 0:00:19]} 34. Nh5+ {[%emt 0:00:49]} Kg6 {[%emt 0:00:01]} 35. Nxf6 {[%emt 0:00:23]} Nxa3 {[%emt 0:00:12]} 36. Rd6 {[%emt 0:00:38]} Qb8 {[%emt 0:07:46]} 37. Ne4+ {[%emt 0:00:30]} Kg7 {[%emt 0:00:08]} 38. Rd7+ {[%emt 0:00:04]} Kg6 {[%emt 0:02:06]} 39. Rd6+ {[%emt 0:00:12]} Kg7 {[%emt 0:00:15]} 40. Rd7+ {[%emt 0:00:02]} Kg6 {[%emt 0:00:25]} 41. Rd6+ {[%emt 0:00:15]} Kg7 {[%emt 0:00:02]} 42. bxa3 {[%emt 0:00:55]} Qc8 {[%emt 0:00:11]} 43. h5 {[%emt 0:01:24]} 1/2-1/2

[Event "8th RTU Open 2018"]
[Site "Riga"]
[Date "2018.08.07"]
[Round "3"]
[White "Mierins, Eriks"]
[Black "Lagunow, Raphael"]
[Result "1-0"]
[WhiteElo "2235"]
[BlackElo "2404"]
[Annotator "NA"]
[PlyCount "107"]
[EventDate "2018.08.06"]
[EventType "swiss"]
[EventCountry "LAT"]
[SourceTitle "playchess.com"]
[Source "ChessBase"]
[SourceQuality "1"]
[TimeControl "5400+30"]

1. e4 {[%emt 0:05:00]} c5 {[%emt 0:17:42]} 2. Nf3 {[%emt 0:00:19]} Nc6 {[%emt 0:00:12]} 3. d4 {[%emt 0:00:06]} cxd4 {[%emt 0:00:05]} 4. Nxd4 {[%emt 0:00:03]} Nf6 {[%emt 0:00:06]} 5. Nc3 {[%emt 0:00:07]} e5 {[%emt 0:00:05]} 6. Ndb5 {[%emt 0:00:10]} d6 {[%emt 0:05:10]} 7. Bg5 {[%emt 0:00:08]} a6 {[%emt 0:00:14]} 8. Na3 {[%emt 0:00:05]} b5 {[%emt 0:00:29]} 9. Nd5 {[%emt 0:00:14]} Be7 {[%emt 0:00:06]} 10. Bxf6 {[%emt 0:00:11]} Bxf6 {[%emt 0:00:04]} 11. c4 {[%emt 0:00:17]} b4 {[%emt 0:02:02]} 12. Nc2 {[%emt 0:00:09]} a5 {[%emt 0:00:03]} 13. g3 {[%emt 0:00:20]} Bg5 {[%emt 0:02:39]} 14. h4 {[%emt 0:00:49]} Bh6 {[%emt 0:00:06]} 15. Nce3 {[%emt 0:01:58]} Bxe3 {[%emt 0:02:26]} 16. Nxe3 {[%emt 0:00:55]} Nd4 {[%emt 0:02:33]} 17. Bg2 {[%emt 0:00:59]} Ra7 {[%emt 0:09:11]} 18. O-O {[%emt 0:00:59]} O-O {[%emt 0:00:12]} 19. Qd3 {[%emt 0:02:31]} Rc7 {[%emt 0:21:48]} 20. b3 {[%emt 0:01:31]} a4 {[%emt 0:04:18]} 21. Nc2 {[%emt 0:04:11]} Nxc2 {[%emt 0:05:21]} 22. Qxc2 {[%emt 0:01:29]} Be6 {[%emt 0:00:01]} 23. Qd2 {[%emt 0:01:58]} Rc6 {[%emt 0:08:26]} 24. Qxb4 {[%emt 0:00:29]} axb3 {[%emt 0:00:03]} 25. axb3 {[%emt 0:00:13]} Rb6 {[%emt 0:01:12]} 26. Qc3 {[%emt 0:00:30]} Qb8 {[%emt 0:00:26]} 27. Ra3 {[%emt 0:03:37]} Qb7 {[%emt 0:03:55]} 28. Rd1 {[%emt 0:09:39]} Qc7 {[%emt 0:03:35]} 29. Rd3 {[%emt 0:04:57]} Rfb8 {[%emt 0:00:10]} 30. Qd2 {[%emt 0:01:03]} h6 {[%emt 0:00:58]} 31. Kh2 {[%emt 0:00:25]} Qc5 {[%emt 0:02:19]} 32. Ra5 {[%emt 0:00:06]} Qc7 {[%emt 0:00:05]} 33. Ra3 {[%emt 0:07:52]} Qc5 {[%emt 0:00:06]} 34. Qa2 {[%emt 0:00:46]} Qb4 {[%emt 0:05:07]} 35. Ra6 {[%emt 0:02:44]} Rxa6 {[%emt 0:02:00]} 36. Qxa6 {[%emt 0:00:06]} Rb6 {[%emt 0:00:02]} 37. Qa1 {[%emt 0:00:42]} Qc5 {[%emt 0:00:42]} 38. Qe1 {[%emt 0:00:57]} Kf8 {[%emt 0:01:18]} 39. Bh3 {[%emt 0:00:36]} Ke7 {[%emt 0:03:36]} 40. Bxe6 {[%emt 0:00:13]} fxe6 {[%emt 0:00:25]} 41. Qe3 {[%emt 0:02:20]} Qxe3 {[%emt 0:00:27]} 42. Rxe3 {[%emt 0:00:25]} Kd7 {[%emt 0:00:43]} 43. Kh3 {[%emt 0:00:14]} Kc6 {[%emt 0:00:21]} 44. Kg4 {[%emt 0:00:12]} Kc5 {[%emt 0:00:39]} 45. Kh5 {[%emt 0:00:53]} Kd4 {[%emt 0:00:15]} 46. Kg6 {[%emt 0:00:41]} Rb7 {[%emt 0:00:21]} 47. h5 {[%emt 0:00:58]} Ra7 {[%emt 0:00:23]} 48. Re1 {[%emt 0:05:05]} Kc3 {[%emt 0:00:23]} 49. Rd1 {[%emt 0:00:44]} Kxb3 {[%emt 0:00:30]} 50. Rxd6 {[%emt 0:00:07]} Kxc4 {[%emt 0:00:58]} 51. g4 {[%emt 0:13:34]} Kc5 {[%emt 0:00:41]} 52. Rd8 {[%emt 0:00:44]} Rb7 {[%emt 0:00:28]} 53. f3 {[%emt 0:00:16]} Rb3 {[%emt 0:00:31]} 54. Rf8 {[%emt 0:00:18] Kd5} 1-0

[Event "8th RTU Open 2018"]
[Site "Riga"]
[Date "2018.08.07"]
[Round "3"]
[White "Manafov, Vugar Gulam"]
[Black "Berzinsh, Roland"]
[Result "1-0"]
[WhiteElo "2215"]
[BlackElo "2408"]
[Annotator "NA"]
[PlyCount "93"]
[EventDate "2018.08.06"]
[EventType "swiss"]
[EventCountry "LAT"]
[SourceTitle "playchess.com"]
[Source "ChessBase"]
[SourceQuality "1"]
[TimeControl "5400+30"]

1. Nf3 {[%emt 0:00:00]} d5 {[%emt 0:03:32]} 2. g3 {[%emt 0:00:00]} g6 {[%emt 0:00:24]} 3. Bg2 {[%emt 0:00:00]} Bg7 {[%emt 0:00:10]} 4. d4 {[%emt 0:01:52]} c5 {[%emt 0:01:06]} 5. c3 {[%emt 0:02:32]} Nc6 {[%emt 0:01:50]} 6. O-O {[%emt 0:01:00]} Nf6 {[%emt 0:00:10]} 7. Ne5 {[%emt 0:05:07]} O-O {[%emt 0:08:09]} 8. Nxc6 {[%emt 0:10:22]} bxc6 {[%emt 0:00:15]} 9. dxc5 {[%emt 0:00:52]} a5 {[%emt 0:07:15]} 10. Nd2 {[%emt 0:02:13]} a4 {[%emt 0:10:51]} 11. e4 {[%emt 0:04:13]} Qa5 {[%emt 0:12:38]} 12. exd5 {[%emt 0:15:50]} cxd5 {[%emt 0:00:32]} 13. b4 {[%emt 0:00:51]} axb3 {[%emt 0:00:22]} 14. Nxb3 {[%emt 0:00:04]} Qxc3 {[%emt 0:01:28]} 15. Be3 {[%emt 0:05:24]} e5 {[%emt 0:10:27]} 16. Bxd5 {[%emt 0:06:51]} Nxd5 {[%emt 0:01:05]} 17. Qxd5 {[%emt 0:00:39]} Be6 {[%emt 0:00:53]} 18. Qd2 {[%emt 0:00:59]} Qc4 {[%emt 0:00:47]} 19. Rac1 {[%emt 0:03:36]} Qe4 {[%emt 0:00:25]} 20. f3 {[%emt 0:00:04]} Qc6 {[%emt 0:01:05]} 21. Qd6 {[%emt 0:00:48]} Qb5 22. c6 {[%emt 0:01:51]} Rxa2 {[%emt 0:15:26]} 23. Nd2 {[%emt 0:00:13]} Rc8 {[%emt 0:02:03]} 24. c7 {[%emt 0:10:07]} Bf8 {[%emt 0:00:38]} 25. Qc6 {[%emt 0:01:06]} Qb2 {[%emt 0:07:19]} 26. Rf2 {[%emt 0:04:16]} Qa3 {[%emt 0:09:22]} 27. Rc3 {[%emt 0:02:51]} Qa5 {[%emt 0:00:59]} 28. Ne4 {[%emt 0:02:41]} Ra1+ {[%emt 0:01:13]} 29. Kg2 {[%emt 0:00:33]} Bb4 {[%emt 0:00:13]} 30. Rcc2 {[%emt 0:01:43]} Be7 {[%emt 0:00:21]} 31. Rfd2 {[%emt 0:00:59]} Qa6 {[%emt 0:01:33]} 32. Qxa6 {[%emt 0:00:47]} Rxa6 {[%emt 0:00:01]} 33. Bg5 {[%emt 0:00:53]} Bxg5 {[%emt 0:01:36]} 34. Nxg5 {[%emt 0:00:02]} Bf5 {[%emt 0:00:04]} 35. Rc5 {[%emt 0:01:40]} h6 {[%emt 0:02:42]} 36. Rd8+ {[%emt 0:02:06]} Kg7 {[%emt 0:00:03]} 37. Ne4 {[%emt 0:00:05]} Ra2+ {[%emt 0:00:54]} 38. Kg1 {[%emt 0:00:33]} Raa8 {[%emt 0:00:22]} 39. Rxc8 {[%emt 0:01:05]} Bxc8 {[%emt 0:00:27]} 40. Rxe5 {[%emt 0:00:13]} Ra1+ {[%emt 0:00:29]} 41. Kf2 {[%emt 0:00:05]} Rc1 {[%emt 0:00:06]} 42. Rc5 {[%emt 0:00:17]} Rd1 {[%emt 0:00:34]} 43. Rc6 {[%emt 0:00:13]} Ra1 {[%emt 0:00:40]} 44. Nd6 {[%emt 0:00:12]} Ra8 {[%emt 0:00:01]} 45. Rb6 {[%emt 0:01:21]} Ra2+ {[%emt 0:00:07]} 46. Ke3 {[%emt 0:00:06]} Be6 {[%emt 0:00:16]} 47. Ne8+ {[%emt 0:00:06]} 1-0

[Event "8th RTU Open 2018"]
[Site "Riga"]
[Date "2018.08.07"]
[Round "3"]
[White "Moksh Amit Doshi"]
[Black "Smirin, Ilia"]
[Result "0-1"]
[WhiteElo "2193"]
[BlackElo "2602"]
[Annotator "TA"]
[PlyCount "90"]
[EventDate "2018.08.06"]
[EventType "swiss"]
[EventCountry "LAT"]
[SourceTitle "playchess.com"]
[Source "ChessBase"]
[SourceQuality "1"]

{[%evp 26,90,0,0,0,-23,-7,-43,-59,-52,-69,-97,-103,-123,-132,-140,-126,-137,-106,-139,-142,-135,-115,-125,-135,-131,-147,-162,-138,-175,-178,-154,-134,-151,-134,-169,-144,-134,-145,-169,-168,-164,-116,-144,-133,-254,-258,-256,-190,-245,-245,-254,-253,-229,-241,-265,-238,-684,-698,-810,-807,-800,-777,-715,-669,-623,-597]} 1. d4 Nf6 2. c4 g6 3. g3 Bg7 4. Bg2 O-O 5. Nc3 d6 6. Nf3 Nc6 7. O-O Bf5 8. d5 Na5 9. Nd2 c6 10. e4 Bg4 {E62: King's Indian: Fianchetto: 6...c6 and Panno Variation (6...Nc6) without ...a6} 11. Qc2 (11. Qa4 cxd5 12. cxd5 Bd7 13. Qa3 Ng4 14. b4 Rc8 15. Bb2 Nc4 16. Nxc4 Rxc4 17. Qb3 Qc7 18. Rfc1 Nxf2 19. Kxf2 Qb6+ {0-1 (19) Karpov,A (2628)-Fressinet,L (2702) Cap d'Agde 2015 CBM 169 Extra [Schulz,André]}) 11... Rc8 12. h3 Bd7 13. Qd3 cxd5 14. cxd5 {LiveBook: 3 Games} e6 15. Nb3 $146 ({Predecessor:} 15. b4 Nxd5 16. exd5 Rxc3 17. Qe2 Rc7 18. Rb1 {½-½ (36) Jurek,J (2342)-Zeleny,T (2187) Plzen 2003}) 15... exd5 16. Nxd5 Nxd5 17. Qxd5 Nc4 18. Bf4 b5 19. Nd2 Bc6 20. Qd3 Nxb2 21. Qxd6 Nd3 22. Rad1 Nxf4 23. Qxf4 Qa5 24. e5 Qxa2 25. Bxc6 Rxc6 26. Ra1 Qe6 27. Nf3 {White wants to play Nd4.} Rc4 28. Qe3 a6 29. Rfd1 Rfc8 30. Kg2 Bf8 $1 31. Qa7 Ra4 $1 32. Rxa4 bxa4 33. Ng5 Qc6+ 34. Kh2 {[#]} Rc7 $1 {[%cal Rc7a7]} 35. Qb8 (35. Qe3 $17) 35... Qb7 $19 36. Qe8 {Threatens to win with Rd8.} Qb5 $36 {[%mdl 2048] Black is really pushing.} 37. Qa8 (37. Nxh7 {was called for.} Kxh7 38. Qxf8) 37... Qe2 ({Weaker is} 37... Qxe5 38. Rd8 $11) 38. Ne4 {Rd8 is the strong threat.} Qxd1 39. Nf6+ Kg7 40. Ne8+ Kh6 41. Nxc7 $2 {[#]} (41. Qe4 Be7 42. Nxc7) 41... Bc5 $1 {Black is clearly winning.} 42. Qe4 {Black must now prevent Qf4+.} Qd4 43. Qxd4 Bxd4 44. Nxa6 a3 {Hoping for ...a2.} 45. Nb4 Bxf2 {Precision: White = 44%, Black = 75%.} 0-1